Practical agricultural communication / (Record no. 11613)
[ view plain ]
| 000 -LEADER | |
|---|---|
| fixed length control field | 00664nam a2200217Ia 4500 |
| 008 - FIXED-LENGTH DATA ELEMENTS--GENERAL INFORMATION | |
| fixed length control field | 210303s9999 xx 000 0 und d |
| 016 ## - NATIONAL BIBLIOGRAPHIC AGENCY CONTROL NUMBER | |
| Source | retro2022 |
| 020 ## - INTERNATIONAL STANDARD BOOK NUMBER | |
| ISBN | 9783521314 |
| 040 ## - CATALOGING SOURCE | |
| Original cataloging agency | NLN |
| Language of cataloging | English |
| 100 ## - MAIN ENTRY--AUTHOR | |
| Author | OGUNBAMERU, Bankole Oluwafemi |
| Relator term | aut |
| 245 #0 - TITLE STATEMENT | |
| Title | Practical agricultural communication / |
| Statement of responsibility, etc | Bankole Oluwafemi Ogunbameru |
| 260 ## - PUBLICATION, DISTRIBUTION, ETC. (IMPRINT) | |
| Place of publication | Ibadan, Oyo state ( P. O. Box 12668 G. P. O. ) : |
| Name of publisher | Daily graphics, |
| Date of publication | 2001 |
| 300 ## - COLLATION | |
| Pagination | 119p. |
| Other physical details | ; 21cm. |
| 500 ## - GENERAL NOTE | |
| General note | includes bibliography: P. 113-116 |
| 563 ## - BINDING INFORMATION | |
| Binding note | (pbk) |
| 650 ## - TRACINGS | |
| Main Subject | Communication in agriculture |
| 942 ## - ADDED ENTRY ELEMENTS (KOHA) | |
| Item type | Books |
| 942 ## - ADDED ENTRY ELEMENTS (KOHA) | |
| Suppress in OPAC | No |
| 050 ## - LIBRARY OF CONGRESS CALL NUMBER | |
| Classification number | S494.5 |
| Item number | .O35 |
| 082 ## - DEWEY DECIMAL CLASSIFICATION NUMBER | |
| Classification number | 630.2 |
| Source of classification or shelving scheme | Not for loan | Home library | Current library | Date acquired | Full call number | Barcode. | Koha item type |
|---|---|---|---|---|---|---|---|
| Library of Congress Classification | IBADAN BRANCH LIBRARY | National Library of Nigeria | 04/03/2021 | S494.5 .O35 | 2024-555555550995525 | Books |
